Welcome to the Holygrace Academy Library

Please use search bar below to get started

HARRY POTTER AND THE CHAMBER OF SECRETS (Record no. 7676)

MARC details
000 -LEADER
fixed length control field 00219nam a22000977a 4500
082 ## - DEWEY DECIMAL CLASSIFICATION NUMBER
Classification number 823
Item number ROW/H
100 ## - MAIN ENTRY--AUTHOR NAME
Personal name ROWLING, J K
245 ## - TITLE STATEMENT
Title HARRY POTTER AND THE CHAMBER OF SECRETS
650 ## - SUBJECT ADDED ENTRY--TOPICAL TERM
Topical Term ENGLISH STORY BOOK
942 ## - ADDED ENTRY ELEMENTS (KOHA)
Koha item type Books
Holdings
Withdrawn status Lost status Collection code Home library Current library Date acquired Full call number Accession Number Koha item type
Withdrawn Damaged Item Fiction Main Library Main Library 21/05/2004 823 ROW/H 01518 Books